000 00302nam a22001337a 4500
008 180924b xxu||||| |||| 00| 0 eng d
020 _a9780891181736
041 _aeng
080 _a591
100 _a7
101 _aZOO
245 _aOrganic The Ecological System
_cFrancis.CH
942 _2udc
_cBK
999 _c48359
_d48359